Therapy / Sebastian Fitzek ; translated by ... Read More
Record details
- ISBN: 9780312382001
- ISBN: 0312382006
- Physical Description: 292 p. ; 25 cm.
- Edition: 1st U.S. ed.
- Publisher: New York : St. Martin's Press, 2009, c2008.
Content descriptions
| General Note: | Originally published in German: Die Therapie. Germany : Knaur, c2006. |
Search for related items by subject
| Subject: | Psychologists > Fiction. Missing children > Germany > Berlin > Fiction. Berlin (Germany) > Fiction. |
| Genre: | Psychological fiction. Suspense fiction. |
| LDR | 01290cam a2200349Ia 4500 | ||
|---|---|---|---|
| 001 | 100729 | ||
| 003 | LARL_NWRL_CONSORTIUM | ||
| 005 | 20090403162450.0 | ||
| 008 | 080812t20092008nyu 000 1 eng | ||
| 010 | . | ‡a2008035766 | |
| 020 | . | ‡a9780312382001 | |
| 020 | . | ‡a0312382006 | |
| 035 | . | ‡a(OCoLC)243544723 | |
| 040 | . | ‡aDLC ‡cDLC ‡dBTCTA ‡dBAKER ‡dYDXCP ‡dC#P ‡dMR0 ‡dBWX ‡dWIQ ‡dCDX | |
| 041 | 1 | . | ‡aeng ‡hger |
| 082 | 0 | 0. | ‡a833/.92 ‡222 |
| 100 | 1 | . | ‡aFitzek, Sebastian, ‡d1971- ‡0(LARL_NWRL_CONSORTIUM)210444 |
| 245 | 1 | 0. | ‡aTherapy / ‡cSebastian Fitzek ; translated by Sally-Ann Spencer. |
| 250 | . | ‡a1st U.S. ed. | |
| 260 | . | ‡aNew York : ‡bSt. Martin's Press, ‡c2009, c2008. | |
| 300 | . | ‡a292 p. ; ‡c25 cm. | |
| 500 | . | ‡aOriginally published in German: Die Therapie. Germany : Knaur, c2006. | |
| 650 | 0. | ‡aPsychologists ‡vFiction. ‡0(LARL_NWRL_CONSORTIUM)166793 | |
| 650 | 0. | ‡aMissing children ‡zGermany ‡zBerlin ‡vFiction. | |
| 651 | 0. | ‡aBerlin (Germany) ‡vFiction. ‡0(LARL_NWRL_CONSORTIUM)163717 | |
| 655 | 0. | ‡aPsychological fiction. | |
| 655 | 7. | ‡aSuspense fiction. ‡2gsafd | |
| 901 | . | ‡a100729 ‡bOCLC ‡c100729 ‡tbiblio | |

Add to basket
Permalink
Disable Highlighting